000 00562nam a22001697a 4500
003 GBCCL
005 20251128144451.0
008 180703b ||||| |||| 00| 0 eng d
040 _cGBC
082 _a220.52033
_bNEW
245 _aThe New Analytical Bible and Dictionary of the Bible
_bAuthorized King James Version
250 _aComprehensive Subject Index Edition
260 _aChicago:
_bJohn A. Dickson Publishing Company,
_c1950
300 _axiv,1702p.
_bcon. ref.; concordance; maps; bible places;
650 _aBible
_vDictionary
_911935
942 _2ddc
_cREF
999 _c6908
_d6908